000 00503nam a22001931a 4500
001 1543
003 OSt
005 20260204211738.0
008 040119s1996||||dr ||||||b||||||||||spa||
050 _aRD 511.3 S59l
082 _aRD 511.3 S59l
100 _aSantana, Julian
245 _aLógica y geometría moderna: 2do curso del bachillerato herrera
264 _aSanto Domingo : Teófilo.
300 _a334 p.
650 _a1.Lógica Matemática
700 _aHerrera, RobertoÌ
942 _2ddc
_cBK
999 _c1543
_d1543